Países onde nunca nevou - Statistics

Estatísticas Gerais
  • Esse quiz foi jogado 59 vezes
  • A pontuação média é 42 de 69
Estatísticas das Respostas
Países % Correto
Fiji
80%
Angola
78%
República do Congo
76%
Nicarágua
75%
Haiti
73%
Jamaica
73%
Trinidad e Tobago
73%
Guiné
71%
Honduras
71%
Ilhas Marshall
69%
Níger
69%
Tailândia
69%
Tuvalu
69%
El Salvador
67%
Ilhas Salomão
67%
Nigéria
67%
Samoa
67%
Seychelles
67%
Suriname
67%
Barbados
65%
Guiana
65%
Guiné-Bissau
65%
Mali
65%
Palau
65%
Panamá
65%
Burundi
63%
Camboja
63%
Dominica
63%
Maldivas
63%
República Centro-Africana
63%
Singapura
63%
Sudão do Sul
63%
Zâmbia
63%
Antígua e Barbuda
61%
Gabão
61%
Nauru
61%
Santa Lúcia
61%
Senegal
61%
Serra Leoa
61%
Somália
61%
Comores
59%
Granada
59%
Kiribati
59%
Maurícia
59%
Mauritânia
59%
Tonga
59%
Vanuatu
59%
Belize
57%
Djibouti
57%
Guiné Equatorial
57%
Micronésia
57%
São Vicente e Granadinas
57%
Benim
55%
Gâmbia
55%
São Tomé e Príncipe
55%
Sri Lanka
55%
Timor-Leste
55%
Togo
55%
Brunei
53%
Burkina Faso
53%
Gana
53%
Libéria
53%
Malásia
53%
São Cristóvão e Névis
53%
Costa do Marfim
51%
Catar
49%
Bahrein
47%
Bangladesh
41%
Kuwait
31%
Nenhum quiz correspondente encontrado
Distribuição das Pontuações
Porcentagem de Pessoas com Cada Pontuação
Percentil de Números Respondidos
Sua Pontuação Histórica
Você não jogou esse quiz